000 00977nam a2200325 i 4500
001 45761
003 ES-MaCES
005 20160208134010.0
008 150205s2014 sp | | 000 | spa
017 _aBI 32792-2014
_bDL
020 _a9788416142910
040 _aES-MaCES
_bspa
_cES-MaCES
245 0 0 _aReinvertar la empresa
_b: en la era digital
260 _a[Bilbao]
_bFundación BBVA
_c[2014]
300 _a449 p.
_bfot., gráf. col.
_c26 cm
541 _cGratuito
650 4 _atecnología de la información
_930104
650 4 _aInternet
_930572
650 4 _acambio tecnológico
_928236
650 4 _aevaluación del impacto
_930732
650 4 _acapacidad empresarial
_930588
650 4 _aplanificación corporativa
_930332
650 4 _acompetitividad
_928270
650 4 _928178
_aempresa
650 4 _930601
_aestrategia empresarial
653 1 0 _aEmpresa
710 2 _aFundación BBVA
_eed.
_93766
902 _aLIB Libro
942 _2CES
_cBK
_h0.0.
999 _c45761
_d45761